Un modelo matemático parametrizado con sistemas de inferencia difusa para el estudio de la dinámica poblacional del parásito Ostertagia ostertagi en bovinos /
Guardado en:
| Otros Autores: | , , |
|---|---|
| Formato: | Manuscrito |
| Idioma: | Spanish |
| Publicado: |
2011.
|
| Materias: | |
| Acceso en línea: | Texto completo |
| Etiquetas: |
Agregar Etiqueta
Sin Etiquetas, Sea el primero en etiquetar este registro!
|
| LEADER | 01516ntm a22003375a 4500 | ||
|---|---|---|---|
| 001 | MAT.inmabb007031 | ||
| 008 | 110701s2011####ag#a#####bm###000#0#spa#d | ||
| 005 | 20160329082039.0 | ||
| 245 | 1 | 0 | |a Un modelo matemático parametrizado con sistemas de inferencia difusa para el estudio de la dinámica poblacional del parásito Ostertagia ostertagi en bovinos / |c Mauro A. E. Chaparro. |
| 260 | |c 2011. | ||
| 300 | |a 107 p. : |b il. ; |c 30 cm. | ||
| 500 | |a "Tesis de Doctor en Matemática". | ||
| 500 | |a Director de tesis: Graciela A. Canziani; co-dirección: Liliana R. Castro. | ||
| 502 | |a Tesis (doctoral)--Universidad Nacional del Sur. Departamento de Matemática, 2011. | ||
| 530 | |a Disponible también en formato digital. | ||
| 504 | |a Incluye referencias bibliográficas. | ||
| 100 | 1 | |a Chaparro, Mauro A. E. |4 dis | |
| 700 | 1 | |a Canziani, Graciela A. |4 ths | |
| 700 | 1 | |a Castro, Liliana Raquel. |4 ths | |
| 710 | 2 | |a Universidad Nacional del Sur. |b Departamento de Matemática |4 dgg. | |
| 082 | 0 | 4 | |a 040 |2 15 |
| 082 | 0 | 4 | |a 511.8 |2 21 |
| 650 | 7 | |a Matemáticas. |2 unbist | |
| 650 | 7 | |a Modelos matemáticos. |2 unbist | |
| 650 | 7 | |a Parásitos. |2 Icyt | |
| 650 | 7 | |a Dinámica de poblaciones. |2 Icyt | |
| 650 | 7 | |a Enfermedades parasitarias. |2 unbist | |
| 650 | 7 | |a Industria ganadera. |2 unbist | |
| 856 | 4 | 1 | |u http://repositoriodigital.uns.edu.ar/handle/123456789/2161 |3 Texto completo |
| 859 | |a AR-BaUNS |b BIB. MATEMATICA |h 040 |i B148 2011-1091 |k R |p 122277/011 | ||
| 859 | |a AR-BaUNS |b BIB. MATEMATICA |h 040 |i B148 2011-1091 |p 122278/011 | ||
